Bounded solidarity and mobile technology: The decline of core networks in Kerala (Record no. 514785)

000 -LEADER
fixed length control field 01345nam a22001577a 4500
008 - FIXED-LENGTH DATA ELEMENTS--GENERAL INFORMATION
fixed length control field 201212b ||||| |||| 00| 0 eng d
100 ## - MAIN ENTRY--PERSONAL NAME
Personal name Fan, Jiabin. et al
245 ## - TITLE STATEMENT
Title Bounded solidarity and mobile technology: The decline of core networks in Kerala
260 ## - PUBLICATION, DISTRIBUTION, ETC. (IMPRINT)
Place of publication, distribution, etc Sociological Bulletin
300 ## - PHYSICAL DESCRIPTION
Extent 69(2), Aug, 2020: p.191-214
520 ## - SUMMARY, ETC.
Summary, etc We examine whether the widespread adoption of mobile technology is associated with changes in core social networks over the main decade of mobile diffusion in India. We focus primarily on network size, as well as the type and location of relationships. Grounded in interaction ritual theory, Ling’s bounded solidarity thesis suggests that mobile communication may reconfigure social bonds, leading to a focus on family and friends over workmates and acquaintances, as well as more local networks. This study analyses data from three waves of data (2002–2013) from the state of Kerala. Our key findings are generally consistent with bounded solidarity: family ties increased at the expense of work ties, and there was a shift away from regional and international ties towards local relationships. - Reproduced
650 ## - SUBJECT ADDED ENTRY--TOPICAL TERM
Topical term or geographic name as entry element Core networks, Mobile phones, Emails, Internet, South Asia
9 (RLIN) 19647
773 ## - HOST ITEM ENTRY
Main entry heading Sociological Bulletin
906 ## - LOCAL DATA ELEMENT F, LDF (RLIN)
Subject DIP TELECOMMUNICATION - KERALA
942 ## - ADDED ENTRY ELEMENTS (KOHA)
Item type Articles
Holdings
Withdrawn status Lost status Source of classification or shelving scheme Damaged status Not for loan Permanent location Current location Date acquired Serial Enumeration / chronology Barcode Date last seen Koha item type
          Indian Institute of Public Administration Indian Institute of Public Administration 2020-12-12 69(2), Aug, 2020: p.191-214 AR123663 2020-12-12 Articles

Powered by Koha